• 首页
  • 本馆介绍
  • 公告通知
  • 最新文献
  • 馆藏检索
  • 电子资源
  • 读者导购
  • 参考咨询
  • 我的图书馆
  • 登录
  • 详细信息显示
  • 放入我的书架
  • 预约/预借图书
  • 作者相关作品
  • 分类相关作品
  • 丛书相关作品
  • 出版社相关作品

书目信息

  • 表格格式
  • 工作单格式
  • 卡片格式
题名:
纳西族的歌
    
 
作者: 刘超 记录整理 ;中国科学院文学研究所民间文学组 主编
分册:  
出版信息: 北京   人民文学出版社  1959
页数: 233页
开本: 21cm
丛书名:
单 册:
中图分类: I277.295.7
科图分类:
主题词: 民歌--纳西族--中国--现代--选集
电子资源:
ISBN: 10019.1283
000 00799cam0 2200241 450
001 0105454671
005 20070928100101.0
010    @a10019.1283@dCNY0.75
091    @a10019.1283@dCNY0.75
100    @a19960409d1959 em y0chiy0110 ea
101 0  @achi
102    @aCN@b110000
105    @ay z 000gy
106    @ar
200 1  @a纳西族的歌@9Na Xi Zu De;Di Ge @f刘超记录整理@g中国科学院文学研究所民间文学组主编@b专著
210    @a北京@c人民文学出版社@d1959
215    @a233页@d21cm
606 0  @a民歌@x纳西族@y中国@z现代@x选集
690    @aI277.295.7@v3
701  0 @a刘超@9liu chao@4记录整理
712 02 @a中国科学院文学研究所民间文学组@4主编@9zhong guo ke xue yuan wen xue yan jiu suo min jian wen xue zu
801  0 @aCN@b上海图书馆@c19970403
905    @aBZT@dI277.295.7@e1@f1@sI277.295.7/1
    
    纳西族的歌/刘超记录整理/中国科学院文学研究所民间文学组主编.-北京:人民文学出版社,1959
    233页;21cm
    
    
    ISBN 10019.1283:CNY0.75
    
●
相关链接 在五车中查询图书 在当当中查询图书 在豆瓣中查询图书


正题名:纳西族的歌     索取号:I277.295.7/1         预约/预借

序号 登录号 条形码 馆藏地/架位号 状态 备注
1 2000078809   2000078809   旧书回溯/ [索取号:I277.295.7/1] 在馆    
山东省滨州职业学院图书馆 欢迎您!
大连网信软件有限公司© 版权所有